00407nam a2200157Ia 450000500170000000800410001704000190005804100120007708200170008910000240010624500390013026000430016930000100021265000170022285000100023920230329110841.0131103s9999 xx 000 0 und d aLoreto College aEnglish a891.444bGHO aGhosh, Ishanchandra aJataka-manjaricIshanchandra Ghosh aCalcuttabUniversity of Calcuttac1934 a303p  aJataka tales aLCLIB